00493nam a2200157Ia 4500008004100000040001300041100001100054100002400065245007000089260001400159260001000173260000900183700003600192999001700228952009000245161226s9999 xx 000 0 und d aPK-NaQUE a11CE51 aWaqar Ahmed Mangrio 0aInvestigation Of Geotechnical Properties Of Municipal Sold Westle aNawabshah bQUEST c2011 aDepartment Of Civil Engineering c57231d57228 00104070aQUESTCLbRESEARCHd2016-12-26l0pCEP/49-576r2016-12-26 00:00:00yTHESIS